000 00557nam a22002177a 4500
005 20170124110120.0
010 _aA-943419
020 _c00.00
_a8125013547
035 _aA-943419
037 _bCen Lib/Ret
040 _aDPL
_bEN
082 _aS
_bSPI
100 _aSpice, Martin
_9102029
245 _aLynx /
_cby Martin Spice
260 _bOrient longman
_aChennai
_c1998
270 _bChennai
_a160 Anna Salai
_e600002
300 _a111p.
_c21cm(Hb)
650 _a Literature
_96262
650 _aShort stories
_944
942 _2ddc
_cEN
_hS
_mSPI
999 _c130944
_d130944